THE NEW PEARL HARBOR DISTURBING QUESTIONS ABOUT THE BUSH ADMINISTRATION AND 9/11 / (Record no. 616173)

000 -LEADER
fixed length control field 00409nam a22001337a 4500
020 ## - INTERNATIONAL STANDARD BOOK NUMBER
Qualifying information PB.
040 ## - CATALOGING SOURCE
Transcribing agency FIZZA ISHAQ
082 ## - DEWEY DECIMAL CLASSIFICATION NUMBER
Classification number 973.93
Author Mark DAV
100 ## - MAIN ENTRY--PERSONAL NAME
Personal name GRIFFIN,RAY DAVID.
9 (RLIN) 133152
245 ## - TITLE STATEMENT
Title THE NEW PEARL HARBOR DISTURBING QUESTIONS ABOUT THE BUSH ADMINISTRATION AND 9/11 /
Statement of responsibility, etc. DAVID RAY GRIFFIN,
260 ## - PUBLICATION, DISTRIBUTION, ETC.
Place of publication, distribution, etc. NEW YORK ;
Name of publisher, distributor, etc. OLIVE BRANCH PRESS ,
Date of publication, distribution, etc. 2004.
300 ## - PHYSICAL DESCRIPTION
Extent 254 P. ;
Dimensions 9X5.9IN
942 ## - ADDED ENTRY ELEMENTS (KOHA)
Source of classification or shelving scheme
Koha item type Book
Holdings
Withdrawn status Lost status Source of classification or shelving scheme Damaged status Not for loan Permanent Location Current Location Shelving location Date acquired Total Checkouts Full call number Barcode Date last seen Price effective from Koha item type
          NUST Baluchistan Campus (NBC) NUST Baluchistan Campus (NBC) General Stacks 02/11/2026   973.93 DAV QD-922 02/11/2026 02/11/2026 Book
© 2023 Central Library, National University of Sciences and Technology. All Rights Reserved.